[Event "Bucharest2"]
[Site "Bucharest"]
[Date "2000.??.??"]
[Round "8"]
[White "Florescu, Codrut-Constantin"]
[Black "Burnoiu, Nicolae Costel"]
[Result "0-1"]
[WhiteElo "2381"]
[BlackElo "2353"]
[PlyCount "62"]
[EventDate "2000.??.??"]
[EventType "tourn"]
[EventRounds "11"]
[EventCountry "ROM"]
[EventCategory "2"]
[Source "ChessBase"]
[SourceDate "2001.11.25"]

1. d4 Nf6 2. Nf3 e6 3. c4 b6 4. g3 Bb7 5. Bg2 Be7 6. O-O O-O 7. Nc3 Ne4 8. Bd2
Nxd2 9. Qxd2 d6 10. e4 Nd7 11. Rad1 Re8 12. d5 e5 13. Ne1 a5 14. Nd3 Bf6 15. b3
g6 16. Kh1 Bg7 17. Nb5 Nc5 18. Nxc5 bxc5 19. Rde1 Ba6 20. Nc3 a4 21. Ra1 Qb8
22. Rfb1 a3 23. b4 cxb4 24. Na4 Qa7 25. Rxb4 Reb8 26. Kg1 Rxb4 27. Qxb4 Qd4 28.
Nc3 Bh6 29. Rd1 Bd2 30. Rxd2 Qxd2 31. Bf1 Bc8 0-1

[Event "Bucharest2"]
[Site "Bucharest"]
[Date "2000.??.??"]
[Round "9"]
[White "Ionescu Brandis, Irina"]
[Black "Florescu, Codrut-Constantin"]
[Result "1/2-1/2"]
[WhiteElo "2291"]
[BlackElo "2381"]
[PlyCount "165"]
[EventDate "2000.??.??"]
[EventType "tourn"]
[EventRounds "11"]
[EventCountry "ROM"]
[EventCategory "2"]
[Source "ChessBase"]
[SourceDate "2001.11.25"]

1. e4 c5 2. Nf3 e6 3. d3 d5 4. Qe2 Nc6 5. g3 d4 6. e5 Qc7 7. Bg2 Nge7 8. O-O
Ng6 9. Re1 Bd7 10. a4 f6 11. exf6 gxf6 12. Na3 e5 13. Nb5 Qb8 14. Bd2 Bg7 15.
h4 Nge7 16. Nh2 O-O 17. g4 a6 18. Na3 b5 19. h5 Ra7 20. Kh1 h6 21. Rg1 Nd8 22.
Nf1 Ne6 23. Ng3 Ng5 24. Raf1 Qc8 25. f3 Nd5 26. axb5 axb5 27. f4 Nxf4 28. Bxf4
Bxg4 29. Qd2 exf4 30. Qxf4 Ra5 31. Nf5 Bxf5 32. Qxf5 Qe8 33. Bf3 Qe5 34. Bc6
Qe2 35. Bf3 Qe5 36. Bc6 Rb8 37. Qg6 Qe6 38. Bg2 Kh8 39. Re1 Qd7 40. Rgf1 Rf8
41. Rf5 Ra6 42. Rxc5 Re6 43. Rxe6 Qxe6 44. Qf5 Qe1+ 45. Kh2 b4 46. Nb5 Qh4+ 47.
Kg1 Qg3 48. Nc7 Qe1+ 49. Kh2 Qh4+ 50. Kg1 Qxh5 51. Nb5 Qd1+ 52. Kh2 Qe1 53. Rc8
Qe5+ 54. Qxe5 fxe5 55. Rc4 Rf2 56. Kg3 Rd2 57. Nd6 b3 58. cxb3 Rxd3+ 59. Kg4
Rxb3 60. Ne4 Nf7 61. Rc8+ Kh7 62. Nc5 Nd6 63. Be4+ Nxe4 64. Nxb3 Kg6 65. Rc6+
Nf6+ 66. Kf3 Kf5 67. Rc5 Ke6 68. Nd2 e4+ 69. Nxe4 Nxe4 70. Kxe4 d3 71. b3 d2
72. Rd5 Bc3 73. Rd3 h5 74. Kf3 Ke5 75. Ke2 Bb4 76. Rh3 Kd4 77. Kd1 h4 78. Kc2
Kc5 79. Rxh4 Kb5 80. Rh5+ Kb6 81. Rd5 Kc6 82. Rd4 Kb5 83. Rd8 1/2-1/2

[Event "Trofeul Techirghiol (IM)"]
[Site "?"]
[Date "2000.??.??"]
[Round "?"]
[White "Ciornei, Dragos"]
[Black "Florescu, Codrut-Constantin"]
[Result "0-1"]
[WhiteElo "2120"]
[BlackElo "2360"]
[PlyCount "58"]
[EventDate "2000.??.??"]
[Source "b/signature.htm"]
[SourceDate "3188127.01.02"]

1. e4 c5 2. Nf3 e6 3. d4 cxd4 4. Nxd4 Nf6 5. Nc3 d6 6. Be3 a6 7. f3 b5 8. g4
Bb7 9. g5 Nfd7 10. Qd2 Nc6 11. O-O-O Rc8 12. Nxc6 Bxc6 13. Ne2 Ne5 14. Nd4 Nxf3
15. Nxc6 Rxc6 16. Qg2 Ne5 17. h4 Qc7 18. h5 Be7 19. Bd4 O-O 20. Bxe5 dxe5 21.
Bd3 b4 22. Rdf1 Qd8 23. Kb1 Bxg5 24. h6 g6 25. Rh3 Bf4 26. Rxf4 exf4 27. e5 Rc5
28. Qe4 Qc7 29. Qxf4 Qxe5 0-1

[Event "Trofeul Techirghiol (IM)"]
[Site "?"]
[Date "2000.??.??"]
[Round "?"]
[White "Florescu, Codrut-Constantin"]
[Black "Burnoiu, Nicolae Costel"]
[Result "0-1"]
[WhiteElo "2360"]
[BlackElo "2265"]
[PlyCount "56"]
[EventDate "2000.??.??"]
[Source "b/signature.htm"]
[SourceDate "3188127.01.02"]

1. e4 c5 2. Nf3 d6 3. d4 Nf6 4. Nc3 cxd4 5. Nxd4 a6 6. Bc4 e6 7. Bb3 Nc6 8. Be3
Qc7 9. Qe2 Na5 10. g4 Nxb3 11. axb3 Be7 12. g5 Nd7 13. h4 Rb8 14. f4 b5 15. f5
b4 16. Na4 Nc5 17. Bf2 Nxe4 18. fxe6 O-O 19. Rf1 d5 20. exf7+ Rxf7 21. O-O-O
Bh3 22. Kb1 Bxf1 23. Rxf1 Qh2 24. Nc6 Rbf8 25. Re1 Bd6 26. Bd4 Rf1 27. Ne7+ Kh8
28. Rxf1 Rxf1+ 0-1

[Event "Trofeul Techirghiol (IM)"]
[Site "?"]
[Date "2000.??.??"]
[Round "?"]
[White "Florescu, Codrut-Constantin"]
[Black "Kutnik, Alexandru"]
[Result "1-0"]
[WhiteElo "2360"]
[BlackElo "2255"]
[PlyCount "83"]
[EventDate "2000.??.??"]
[Source "b/signature.htm"]
[SourceDate "3188127.01.02"]

1. d4 Nf6 2. c4 g6 3. Nc3 d5 4. cxd5 Nxd5 5. e4 Nxc3 6. bxc3 Bg7 7. Bb5+ c6 8.
Ba4 O-O 9. Ne2 Be6 10. O-O Bc4 11. Bb3 Bxe2 12. Qxe2 e5 13. Ba3 Re8 14. d5 cxd5
15. Bxd5 Nc6 16. Rab1 Qc7 17. Rfd1 Bf8 18. Bc1 Rac8 19. Be3 b6 20. Rf1 Nd8 21.
Bd2 Ne6 22. g3 Bd6 23. h4 Re7 24. h5 Rce8 25. Kg2 Kh8 26. Rh1 g5 27. h6 f6 28.
a4 Bc5 29. a5 Qd6 30. axb6 axb6 31. Be3 Rc7 32. Qf3 Nf8 33. Rhd1 Qe7 34. Bxc5
bxc5 35. Rb6 Nd7 36. Re6 Qf8 37. Rxe8 Qxe8 38. Ra1 Qf8 39. Ra8 Rc8 40. Rxc8
Qxc8 41. Be6 Qd8 42. Bxd7 1-0

[Event "Trofeul Techirghiol (IM)"]
[Site "?"]
[Date "2000.??.??"]
[Round "?"]
[White "Florescu, Codrut-Constantin"]
[Black "Spulber, Cicirone"]
[Result "0-1"]
[WhiteElo "2360"]
[BlackElo "2350"]
[PlyCount "56"]
[EventDate "2000.??.??"]
[Source "b/signature.htm"]
[SourceDate "3188127.01.02"]

1. e4 e5 2. Nf3 Nc6 3. d4 exd4 4. Nxd4 g6 5. Nc3 Bg7 6. Be3 Nf6 7. Bc4 O-O 8.
Bb3 d6 9. f3 Bd7 10. Qd2 Nxd4 11. Bxd4 b5 12. O-O-O a5 13. e5 dxe5 14. Bxe5 Be6
15. Qxd8 Rfxd8 16. Rxd8+ Rxd8 17. a3 a4 18. Ba2 Bh6+ 19. Kb1 Nh5 20. Rd1 Rxd1+
21. Nxd1 Kf8 22. c4 f6 23. Bc3 Bf4 24. h3 Ng3 25. cxb5 Bb3 26. Nf2 Bc4 27. Ne4
Nxe4 28. fxe4 Bd3+ 0-1

[Event "Trofeul Techirghiol (IM)"]
[Site "?"]
[Date "2000.??.??"]
[Round "?"]
[White "Florescu, Codrut-Constantin"]
[Black "Zajarnyi, Anatolyi"]
[Result "0-1"]
[WhiteElo "2360"]
[BlackElo "2380"]
[PlyCount "84"]
[EventDate "2000.??.??"]
[Source "b/signature.htm"]
[SourceDate "3188127.01.02"]

1. e4 Nc6 2. Nf3 d6 3. d4 Nf6 4. Nc3 g6 5. Be2 Bg7 6. O-O O-O 7. d5 Nb8 8. a4
c6 9. Re1 cxd5 10. exd5 Nbd7 11. Bf1 a6 12. Be3 Re8 13. Bd4 b6 14. Na2 Bb7 15.
c4 e5 16. dxe6 fxe6 17. Nc3 Qc7 18. Rc1 Rad8 19. Ng5 e5 20. Be3 h6 21. Nd5 Qc6
22. Nb4 Qc8 23. Nf3 Nc5 24. Nd2 Qa8 25. Qc2 Kh7 26. f3 e4 27. fxe4 Ng4 28. Kh1
Nxe3 29. Rxe3 Bd4 30. Rg3 Bxe4 31. Nxe4 Nxe4 32. Rf3 Rf8 33. Nd5 Nf2+ 34. Rxf2
Rxf2 35. Qe4 Be5 36. Bd3 Rg8 37. Qh4 Qf8 38. Nxb6 Qf4 39. Qxf4 Bxf4 40. Rb1 Rd2
41. Be4 Re8 42. Rf1 Rxb2 0-1

[Event "Trofeul Techirghiol (IM)"]
[Site "?"]
[Date "2000.??.??"]
[Round "?"]
[White "Parligras, Mircea Emilian"]
[Black "Florescu, Codrut-Constantin"]
[Result "1-0"]
[WhiteElo "2440"]
[BlackElo "2360"]
[PlyCount "55"]
[EventDate "2000.??.??"]
[Source "b/signature.htm"]
[SourceDate "3188127.01.02"]

1. e4 c5 2. Nf3 d6 3. d4 cxd4 4. Nxd4 Nf6 5. Nc3 a6 6. Be3 e6 7. g4 b5 8. g5
Nfd7 9. a3 Bb7 10. h4 Nc6 11. Nxc6 Bxc6 12. Qd4 f5 13. gxf6 Qxf6 14. Qd2 Ne5
15. O-O-O Nf3 16. Qe2 Rc8 17. Bh3 Bd7 18. e5 dxe5 19. Ne4 Qf7 20. Rd6 Rc6 21.
Bxe6 Bxe6 22. Rxc6 Bd5 23. Nd6+ Bxd6 24. Rc8+ Kd7 25. Rxh8 Be4 26. Kb1 Ke6 27.
Rd1 Qc7 28. Bc5 1-0

[Event "ROM-ch sf"]
[Site "Baile Tusnad"]
[Date "1999.??.??"]
[Round "1"]
[White "Florescu, Codrut-Constantin"]
[Black "Baltac, Constantin"]
[Result "1-0"]
[WhiteElo "2333"]
[BlackElo "2098"]
[PlyCount "55"]
[EventDate "1999.09.??"]
[EventType "swiss"]
[EventRounds "9"]
[EventCountry "ROM"]

1. e4 c5 2. Nf3 Nc6 3. d4 cxd4 4. Nxd4 g6 5. Nc3 Bg7 6. Be3 Nf6 7. Bc4 a6 8.
Nxc6 bxc6 9. e5 Ng8 10. Qf3 f6 11. O-O-O f5 12. Bf4 Qa5 13. Rhe1 Qc5 14. Bb3
Bh6 15. Bxh6 Nxh6 16. Qf4 Nf7 17. Ne4 Qb6 18. Nd6+ Nxd6 19. exd6 e6 20. Qh6 Kf7
21. g4 Qd8 22. gxf5 gxf5 23. Qh5+ Kf8 24. Rg1 Qf6 25. Rg5 a5 26. Qh4 a4 27.
Rg8+ Kf7 28. Qxf6+ 1-0

[Event "ROM-ch sf"]
[Site "Baile Tusnad"]
[Date "1999.??.??"]
[Round "2"]
[White "Iordache, Traian"]
[Black "Florescu, Codrut-Constantin"]
[Result "1-0"]
[WhiteElo "2198"]
[BlackElo "2333"]
[PlyCount "64"]
[EventDate "1999.09.??"]
[EventType "swiss"]
[EventRounds "9"]
[EventCountry "ROM"]

1. d4 Nf6 2. Nf3 e6 3. c4 b6 4. g3 Ba6 5. b3 Bb7 6. Bg2 Bb4+ 7. Bd2 a5 8. O-O
O-O 9. Nc3 Re8 10. Qc2 h6 11. Rfe1 Bxc3 12. Bxc3 Be4 13. Qb2 d5 14. Bf1 Nbd7
15. Ne5 Qc8 16. f3 Bh7 17. e3 c6 18. Rac1 Qb7 19. a4 Nxe5 20. dxe5 Nd7 21. cxd5
cxd5 22. Bd4 Rec8 23. b4 axb4 24. Qxb4 Qa7 25. Rxc8+ Rxc8 26. Bb5 Qc7 27. Qd6
Nc5 28. a5 bxa5 29. Rc1 Qb7 30. Rxc5 Bg6 31. Qa6 Qxa6 32. Bxa6 Rxc5 1-0

[Event "ROM-ch sf"]
[Site "Baile Tusnad"]
[Date "1999.??.??"]
[Round "5"]
[White "Florescu, Codrut-Constantin"]
[Black "Grunberg, Mihai Lucian"]
[Result "1/2-1/2"]
[WhiteElo "2333"]
[BlackElo "2445"]
[PlyCount "77"]
[EventDate "1999.09.??"]
[EventType "swiss"]
[EventRounds "9"]
[EventCountry "ROM"]

1. e4 Nf6 2. e5 Nd5 3. c4 Nb6 4. d4 d6 5. exd6 cxd6 6. Nc3 g6 7. Be3 Bg7 8. Rc1
O-O 9. b3 e5 10. dxe5 dxe5 11. c5 N6d7 12. Bc4 Nc6 13. Nge2 Qa5 14. O-O Nxc5
15. b4 Nxb4 16. Nd5 Nxd5 17. Qxd5 b6 18. Bxc5 Be6 19. Qe4 bxc5 20. Bxe6 fxe6
21. Qc4 Rfd8 22. Qxe6+ Kh8 23. Ng3 Qb6 24. Qe7 Rac8 25. Ne4 Qc7 26. Qxc7 Rxc7
27. Rxc5 Rxc5 28. Nxc5 Rc8 29. Nb3 Kg8 30. Rd1 Rc2 31. Rd2 Rxd2 32. Nxd2 Kf7
33. Kf1 Ke6 34. Ke2 Kd5 35. Kd3 Kc5 36. Ne4+ Kb4 37. Kc2 h6 38. Nd2 Ka3 39. Kb1
1/2-1/2

[Event "ROM-ch sf"]
[Site "Baile Tusnad"]
[Date "1999.??.??"]
[Round "6"]
[White "Suciu, Dinu Simi"]
[Black "Florescu, Codrut-Constantin"]
[Result "0-1"]
[WhiteElo "2200"]
[BlackElo "2333"]
[PlyCount "52"]
[EventDate "1999.09.??"]
[EventType "swiss"]
[EventRounds "9"]
[EventCountry "ROM"]

1. Nf3 c5 2. g3 Nc6 3. Bg2 e5 4. d3 d5 5. O-O f6 6. e4 d4 7. Nh4 Be6 8. f4 Qd7
9. Nd2 O-O-O 10. Ndf3 Bd6 11. a3 Nge7 12. fxe5 Nxe5 13. Nxe5 Bxe5 14. Qf3 g5
15. Nf5 h5 16. Qf2 Ng6 17. c4 h4 18. g4 h3 19. Bf3 Nh4 20. b4 Qc7 21. bxc5 Bxf5
22. exf5 Nxf3+ 23. Qxf3 Bxh2+ 24. Kh1 Be5 25. Rb1 h2 26. Rf2 Qc6 0-1

[Event "ROM-ch sf"]
[Site "Baile Tusnad"]
[Date "1999.??.??"]
[Round "8"]
[White "Moldovan , Daniel"]
[Black "Florescu, Codrut-Constantin"]
[Result "1/2-1/2"]
[WhiteElo "2449"]
[BlackElo "2333"]
[PlyCount "42"]
[EventDate "1999.09.??"]
[EventType "swiss"]
[EventRounds "9"]
[EventCountry "ROM"]

1. e4 c5 2. Nf3 e6 3. c3 Nf6 4. d3 Nc6 5. Nbd2 d5 6. Be2 Be7 7. O-O O-O 8. a3
a5 9. Re1 b5 10. Nf1 Qc7 11. exd5 exd5 12. d4 c4 13. Bg5 h6 14. Bh4 Be6 15. Ne5
Nxe5 16. dxe5 Ne4 17. Bxe7 Qxe7 18. Ne3 Rad8 19. Qd4 Nc5 20. Rad1 Nb3 21. Qf4
Qg5 1/2-1/2

[Event "MI Festival"]
[Site "Bucharest"]
[Date "1999.03.22"]
[Round "3"]
[White "Florescu, Codrut-Constantin"]
[Black "Solcanean, Serghei"]
[Result "1-0"]
[WhiteElo "2312"]
[BlackElo "2260"]
[PlyCount "51"]
[EventDate "1999.03.20"]
[EventType "tourn"]
[EventRounds "11"]
[EventCountry "ROM"]
[EventCategory "2"]
[Source "ChessBase"]
[SourceDate "1999.05.10"]

1. e4 c5 2. Nf3 d6 3. d4 cxd4 4. Nxd4 Nf6 5. Nc3 g6 6. Be3 Bg7 7. f3 Nc6 8. Qd2
O-O 9. Bc4 Bd7 10. O-O-O Rc8 11. Bb3 Ne5 12. h4 Nc4 13. Bxc4 Rxc4 14. h5 Nxh5
15. g4 Nf6 16. Bh6 Bh8 17. e5 Nxg4 18. fxg4 Bxe5 19. Nf5 Re8 20. Nd5 Rxg4 21.
Bg7 Bxf5 22. Bxe5 h5 23. Bc3 Qc8 24. Rhe1 Re4 25. Rxe4 Bxe4 26. Qd4 1-0

[Event "MI Festival"]
[Site "Bucharest"]
[Date "1999.03.23"]
[Round "4"]
[White "Kostic, Misa"]
[Black "Florescu, Codrut-Constantin"]
[Result "1/2-1/2"]
[WhiteElo "2218"]
[BlackElo "2312"]
[PlyCount "53"]
[EventDate "1999.03.20"]
[EventType "tourn"]
[EventRounds "11"]
[EventCountry "ROM"]
[EventCategory "2"]
[Source "ChessBase"]
[SourceDate "1999.05.10"]

1. c4 e6 2. Nc3 d5 3. d4 Be7 4. Nf3 Nf6 5. Bg5 h6 6. Bh4 O-O 7. e3 b6 8. Rc1
Bb7 9. cxd5 exd5 10. Bd3 Nbd7 11. O-O Ne4 12. Bxe7 Qxe7 13. Qe2 a6 14. Rfd1 f5
15. Bc2 Qd6 16. Bb3 Rae8 17. Qc2 c6 18. Ne2 g5 19. Ne1 Qe6 20. Nd3 a5 21. Re1
Kg7 22. Ng3 Qg6 23. Qd1 Nxg3 24. hxg3 Ba6 25. Bc2 h5 26. Qd2 Qd6 27. e4 1/2-1/2

[Event "MI Festival"]
[Site "Bucharest"]
[Date "1999.03.30"]
[Round "11"]
[White "Florescu, Codrut-Constantin"]
[Black "Velcheva, Maria"]
[Result "0-1"]
[WhiteElo "2312"]
[BlackElo "2283"]
[PlyCount "54"]
[EventDate "1999.03.20"]
[EventType "tourn"]
[EventRounds "11"]
[EventCountry "ROM"]
[EventCategory "2"]
[Source "ChessBase"]
[SourceDate "1999.05.10"]

1. e4 c5 2. Nf3 e6 3. d4 cxd4 4. Nxd4 a6 5. Nc3 Qc7 6. Bd3 Nc6 7. Be3 Nf6 8.
O-O Ne5 9. Qe2 Bc5 10. h3 d6 11. f4 Ng6 12. Kh1 O-O 13. Rae1 b5 14. Nb3 Bxe3
15. Qxe3 Bb7 16. e5 dxe5 17. fxe5 Nd7 18. Bxg6 hxg6 19. Nd4 Rad8 20. Qf4 Qc4
21. Rd1 f6 22. Qg4 Nxe5 23. Qxe6+ Rf7 24. Qb6 Qc8 25. Kg1 Nc4 26. Qe6 Qc5 27.
Nce2 Nxb2 0-1

[Event "?"]
[Site "?"]
[Date "1999.??.??"]
[Round "?"]
[White "Florean, Andrei Costel"]
[Black "Florescu, Codrut-Constantin"]
[Result "1-0"]
[WhiteElo "2430"]
[BlackElo "2330"]
[PlyCount "49"]
[EventDate "1999.??.??"]
[Source "b/signature.htm"]
[SourceDate "3188127.01.02"]

1. d4 Nf6 2. c4 e6 3. Nc3 Bb4 4. Nf3 b6 5. Bg5 Bb7 6. e3 h6 7. Bh4 Bxc3+ 8.
bxc3 d6 9. Nd2 g5 10. Bg3 Qe7 11. f3 Nbd7 12. Qa4 e5 13. e4 c5 14. dxe5 dxe5
15. Be2 Nh5 16. Nf1 f5 17. Ne3 Nxg3 18. hxg3 fxe4 19. fxe4 Bxe4 20. O-O-O Rh7
21. Bg4 Rd8 22. Nf5 Bxf5 23. Bxf5 Rf7 24. Bg6 g4 25. Qc6 1-0

[Event "?"]
[Site "?"]
[Date "1999.??.??"]
[Round "?"]
[White "Florescu, Codrut-Constantin"]
[Black "Badea Takacs, Bela"]
[Result "1/2-1/2"]
[WhiteElo "2330"]
[BlackElo "2475"]
[PlyCount "116"]
[EventDate "1999.??.??"]
[Source "b/signature.htm"]
[SourceDate "3188127.01.02"]

1. e4 g6 2. d4 Bg7 3. Nc3 c6 4. f4 d5 5. e5 Nh6 6. Nf3 Bg4 7. h3 Bxf3 8. Qxf3
f6 9. g4 fxe5 10. dxe5 O-O 11. Qg3 Qb6 12. Bd2 e6 13. O-O-O Nd7 14. h4 Rae8 15.
Re1 Nf7 16. g5 Nd8 17. h5 Rf5 18. hxg6 hxg6 19. Bd3 Nc5 20. Rh4 Nxd3+ 21. Qxd3
c5 22. Reh1 c4 23. Qh3 Kf7 24. Be3 Qa5 25. Rh7 Rg8 26. Kb1 Nc6 27. Ne2 Kf8 28.
c3 b6 29. Ng3 Ne7 30. Nxf5 Nxf5 31. Rxg7 Nxg7 32. Qh7 d4 33. Bxd4 Qd5 34. Re1
Kf7 35. f5 gxf5 36. g6+ Kf8 37. Qh6 Qf3 38. Qh4 Ne8 39. Qh6+ Ng7 40. Rh1 Ke7
41. Kc1 f4 42. Qg5+ Kd7 43. Rd1 Kc8 44. Qf6 Qb7 45. Bf2 Qf3 46. Qf7 Rd8 47.
Rxd8+ Kxd8 48. Bh4+ Kc8 49. Qf8+ Kb7 50. Qxg7+ Ka6 51. Qh8 Qf1+ 52. Kd2 Qd3+
53. Ke1 f3 54. Qc8+ Ka5 55. Kf2 Qe2+ 56. Kg3 f2 57. Be7 Qxe5+ 58. Kxf2 Qf4+
1/2-1/2

[Event "?"]
[Site "?"]
[Date "1999.??.??"]
[Round "?"]
[White "Florescu, Codrut-Constantin"]
[Black "Bets, Anatolij"]
[Result "1/2-1/2"]
[WhiteElo "2330"]
[BlackElo "2415"]
[PlyCount "115"]
[EventDate "1999.??.??"]
[Source "b/signature.htm"]
[SourceDate "3188127.01.02"]

1. e4 c6 2. d4 d5 3. e5 Bf5 4. c3 e6 5. Be3 Nd7 6. Nd2 c5 7. Qb3 Qc7 8. Ngf3
Ne7 9. dxc5 Nc6 10. Qa3 Ndxe5 11. Nxe5 Qxe5 12. Nf3 Qc7 13. Nd4 Bg6 14. Nb5 Qb8
15. c4 a6 16. Nd4 Be7 17. cxd5 exd5 18. Be2 O-O 19. O-O Re8 20. Bf3 Rd8 21.
Nxc6 bxc6 22. Bd4 Bf8 23. Rfe1 a5 24. Re5 Qb4 25. Qe3 f6 26. Re6 Re8 27. a3 Qa4
28. Rxe8 Rxe8 29. Qc3 Rb8 30. Bd1 Qb5 31. Bg4 Re8 32. a4 Qa6 33. h3 Re7 34. Rd1
Be8 35. Bf5 Bg6 36. Bxg6 hxg6 37. Rd3 Kf7 38. Re3 Rxe3 39. fxe3 Be7 40. b4 axb4
41. Qxb4 Bd8 42. Qb3 Bc7 43. Kf2 Qa5 44. Ke2 Qa6+ 45. Kd2 g5 46. g4 Ke7 47. Bc3
Kd8 48. Qb4 Kc8 49. a5 Qf1 50. Kc2 Qa6 51. Bd2 Qe2 52. Kb3 Qd3+ 53. Kb2 Qa6 54.
e4 dxe4 55. Qxe4 Bxa5 56. Bxa5 Qxa5 57. Qxc6+ Qc7 58. Qe8+ 1/2-1/2

[Event "?"]
[Site "?"]
[Date "1999.??.??"]
[Round "?"]
[White "Florescu, Codrut-Constantin"]
[Black "Ghitescu, Theodor"]
[Result "0-1"]
[WhiteElo "2330"]
[BlackElo "2375"]
[PlyCount "93"]
[EventDate "1999.??.??"]
[Source "b/signature.htm"]
[SourceDate "3188127.01.02"]

1. e4 c5 2. Nf3 d6 3. d4 Nf6 4. Nc3 cxd4 5. Nxd4 a6 6. f3 e5 7. Nb3 Be6 8. Be3
Nbd7 9. Qd2 Be7 10. g4 h6 11. O-O-O b5 12. h4 Nb6 13. Qf2 Nfd7 14. Kb1 Rc8 15.
Nd5 Bxd5 16. exd5 Nc4 17. Bc1 Qb6 18. Qe1 a5 19. c3 a4 20. Na1 a3 21. b3 Nb2
22. Bxb2 axb2 23. Nc2 Qc5 24. Kxb2 Nb6 25. Nb4 Ra8 26. Bd3 O-O 27. Qd2 e4 28.
Bxe4 f5 29. Bxf5 Bf6 30. Nc6 b4 31. Kb1 bxc3 32. Qc2 Nc4 33. bxc4 Rfb8+ 34.
Nxb8 Rxb8+ 35. Ka1 Rb2 36. Qe4 Re2 37. g5 Rxe4 38. Bxe4 Qa3 39. Rb1 c2+ 40.
gxf6 Qc3+ 41. Rb2 c1=Q+ 42. Rxc1 Qxc1+ 43. Bb1 Qxc4 44. fxg7 Qxh4 45. Be4 Kxg7
46. Kb1 Kf6 47. Rb4 0-1

[Event "?"]
[Site "?"]
[Date "1999.??.??"]
[Round "?"]
[White "Florescu, Codrut-Constantin"]
[Black "Itkis, Boris"]
[Result "1/2-1/2"]
[WhiteElo "2330"]
[BlackElo "2435"]
[PlyCount "51"]
[EventDate "1999.??.??"]
[Source "b/signature.htm"]
[SourceDate "3188127.01.02"]

1. e4 e6 2. d4 d5 3. e5 c5 4. c3 Nc6 5. Nf3 Nge7 6. Na3 cxd4 7. cxd4 Nf5 8. Nc2
Qb6 9. Bd3 Be7 10. O-O Bd7 11. Bxf5 exf5 12. Bg5 Bxg5 13. Nxg5 h6 14. Nh3 Qxb2
15. Nf4 O-O 16. Qd3 Qb6 17. Rfb1 Qa6 18. Qxa6 bxa6 19. Nxd5 Be6 20. Ndb4 Rfc8
21. Nxc6 Rxc6 22. Nb4 Rb6 23. d5 Rab8 24. dxe6 fxe6 25. a3 a5 26. g3 1/2-1/2

[Event "?"]
[Site "?"]
[Date "1999.??.??"]
[Round "?"]
[White "Florescu, Codrut-Constantin"]
[Black "Svetushkin, Dmitry"]
[Result "1-0"]
[WhiteElo "2330"]
[BlackElo "2485"]
[PlyCount "62"]
[EventDate "1999.??.??"]
[Source "b/signature.htm"]
[SourceDate "3188127.01.02"]

1. e4 c6 2. d4 d5 3. Nc3 dxe4 4. Nxe4 Bf5 5. Ng3 Bg6 6. h4 h6 7. Nf3 Nf6 8. Ne5
Bh7 9. Bc4 e6 10. Qe2 Nd5 11. Qf3 Qc7 12. Nh5 Bxc2 13. O-O f6 14. Nd3 b5 15.
Bxd5 cxd5 16. Nhf4 Bd6 17. Nxe6 Qd7 18. Ndc5 Be4 19. Qe2 Qc6 20. f3 Bh7 21.
Nc7+ Kd8 22. Nxa8 Bxc5 23. dxc5 Re8 24. Qf2 Nd7 25. Bf4 Qxa8 26. b4 Qc6 27.
Rfd1 Ne5 28. Bxe5 fxe5 29. a4 bxa4 30. Qa2 d4 31. Rd2 a5 1-0

[Event "?"]
[Site "?"]
[Date "1999.??.??"]
[Round "?"]
[White "Ionescu, Doru Alexandru"]
[Black "Florescu, Codrut-Constantin"]
[Result "0-1"]
[WhiteElo "2330"]
[BlackElo "2330"]
[PlyCount "136"]
[EventDate "1999.??.??"]
[Source "b/signature.htm"]
[SourceDate "3188127.01.02"]

1. e4 c5 2. d3 Nc6 3. g3 d6 4. Bg2 e5 5. f4 exf4 6. Bxf4 Nf6 7. Nc3 h6 8. Nge2
g5 9. Be3 Ng4 10. Bg1 Bg7 11. Qd2 Qa5 12. h3 Nge5 13. Be3 Be6 14. Nd5 Qxd2+ 15.
Kxd2 Bxd5 16. exd5 Ne7 17. Raf1 f5 18. b3 b6 19. d4 Nf7 20. h4 g4 21. c4 Kd7
22. dxc5 bxc5 23. Nf4 Be5 24. Rf2 a5 25. a4 Rab8 26. Rb1 Rb7 27. Bf1 Rhb8 28.
Kc2 Rc8 29. Bd3 Ra8 30. Rg2 Bh8 31. Ne6 h5 32. Be2 Be5 33. Nf4 Bxf4 34. Bxf4
Ne5 35. Rf2 Rf8 36. Bd2 Ra7 37. Rbf1 Rf7 38. Bg5 Ra8 39. Bd2 Ra7 40. Bc3 Ra8
41. Kd2 Kc7 42. Bd1 Kd7 43. Kc2 Kc7 44. Bd2 Kd7 45. Be2 Ra7 46. Bg5 Ra8 47. Bd3
Nf3 48. Rxf3 gxf3 49. Rxf3 Rg8 50. Re3 Rxg5 51. hxg5 Rg7 52. Kd2 Rxg5 53. Ke2
Rg4 54. Rf3 Rg5 55. Kf2 Ke8 56. Re3 Kf7 57. Be2 Ng8 58. Re6 Nf6 59. Bf3 Rg6 60.
Ke3 Ng4+ 61. Bxg4 hxg4 62. Rxg6 Kxg6 63. Kd3 Kf6 64. Ke3 Ke5 65. Kd3 f4 66.
gxf4+ Kxf4 67. b4 g3 68. Ke2 g2 0-1

[Event "?"]
[Site "?"]
[Date "1999.??.??"]
[Round "?"]
[White "Matulovic, Milan"]
[Black "Florescu, Codrut-Constantin"]
[Result "1-0"]
[WhiteElo "2415"]
[BlackElo "2330"]
[PlyCount "71"]
[EventDate "1999.??.??"]
[Source "b/signature.htm"]
[SourceDate "3188127.01.02"]

1. e4 c5 2. Nf3 d6 3. d4 cxd4 4. Nxd4 Nf6 5. Nc3 a6 6. g3 Bg4 7. f3 Bd7 8. g4
Nc6 9. Be3 h6 10. Qd2 e6 11. O-O-O Rc8 12. Kb1 Ne5 13. h3 Nc4 14. Bxc4 Rxc4 15.
h4 g6 16. Qd3 Qc7 17. Nde2 b5 18. a3 Be7 19. Nf4 h5 20. g5 Nh7 21. e5 dxe5 22.
Nxg6 fxg6 23. Qxg6+ Kd8 24. Qg7 Re8 25. Qxh7 Kc8 26. Ne4 Bc6 27. Rd2 b4 28. Qg6
Bf8 29. a4 Qa5 30. b3 Rc3 31. Nxc3 bxc3 32. Rd3 Ba3 33. Rhd1 Bxa4 34. Qe4 Bb5
35. Qa8+ Kc7 36. Rd7+ 1-0

[Event "?"]
[Site "?"]
[Date "1999.??.??"]
[Round "?"]
[White "Totsky, Leonid"]
[Black "Florescu, Codrut-Constantin"]
[Result "1-0"]
[WhiteElo "2520"]
[BlackElo "2330"]
[PlyCount "57"]
[EventDate "1999.??.??"]
[Source "b/signature.htm"]
[SourceDate "3188127.01.02"]

1. e4 c5 2. Nf3 e6 3. d3 Nc6 4. g3 g6 5. Bg2 Bg7 6. O-O Nge7 7. c3 d5 8. Qe2 b6
9. Na3 Ba6 10. e5 h6 11. h4 Qc7 12. Re1 O-O-O 13. Bd2 d4 14. c4 Nf5 15. Nb5 Qb8
16. a3 Bf8 17. b4 Bb7 18. g4 Ng7 19. Bf4 Ne8 20. bxc5 Bxc5 21. Rab1 h5 22. Ng5
Rd7 23. Ne4 Qa8 24. Nxc5 bxc5 25. Nd6+ Nxd6 26. exd6 hxg4 27. Rb5 Rh5 28. Reb1
Nd8 29. Bxb7+ 1-0

[Event "Calimanesti mem. radulescu"]
[Site "?"]
[Date "1999.??.??"]
[Round "3"]
[White "Florescu, Codrut-Constantin"]
[Black "Vajda, Albert_IM"]
[Result "1-0"]
[WhiteElo "2325"]
[BlackElo "2360"]
[PlyCount "69"]
[EventDate "1999.??.??"]

1. c4 e6 2. Nc3 d5 3. d4 c6 4. e3 Nf6 5. Nf3 Nbd7 6. Qc2 Bd6 7. Bd2 O-O 8.
O-O-O dxc4 9. Bxc4 b5 10. Bd3 Bb7 11. e4 e5 12. dxe5 Bxe5 13. Nxe5 Nxe5 14. Bg5
Qb8 15. Kb1 Nfd7 16. Be2 Nb6 17. Be7 Re8 18. Bd6 Qc8 19. Bxe5 Rxe5 20. f4 Re7
21. e5 a6 22. Rd6 Qc7 23. Ne4 Nd5 24. Ng5 g6 25. Qd2 Rd8 26. Ne4 Red7 27. Rd1
Rxd6 28. Nxd6 Nb6 29. Bf3 Nc4 30. Qd4 Bc8 31. g4 Nb6 32. f5 c5 33. Qe3 c4 34.
f6 Kh8 35. Nxf7+ 1-0